• 首页
  • 本馆介绍
  • 公告通知
  • 最新文献
  • 馆藏检索
  • 电子资源
  • 读者导购
  • 参考咨询
  • 我的图书馆
  • 登录
  • 详细信息显示
  • 放入我的书架
  • 预约/预借图书
  • 作者相关作品
  • 分类相关作品
  • 丛书相关作品
  • 出版社相关作品

书目信息

  • 表格格式
  • 工作单格式
  • 卡片格式
题名:
孟子学院
    
 
作者: 秦榆 编著
分册:  
出版信息: 北京   中国长安出版社  2006
页数: 277页
开本: 24cm
丛书名: 现代国学大讲堂
单 册:
中图分类: B222.55
科图分类:
主题词: 管理学
电子资源:
ISBN: 7-80175-518-9
000 00919oam2 2200277 450
001 003280636
005 20070807165852.90
010    @a7-80175-518-9@dCNY28.00
100    @a20060210d2006 em y0chiy0110 ea
101 0  @achi
102    @aCN@b110000
105    @ay z 000yy
200 1  @a孟子学院@9meng zi xue yuan@e孟子的仁政思想@f秦榆编著
210    @a北京@c中国长安出版社@d2006
215    @a277页@d24cm
225 2  @a现代国学大讲堂
330    @a本书以《孟子》为基础去观察孟子的管理思想。具体包括领导者的自我修炼,从孟子的民本思想看现代企业人本管理,孟子的用人之道,孟子的机遇观等。
461  0 @12001 @a现代国学大讲堂
517 1  @a孟子的仁政思想@9meng zi de ren zheng si xiang
600  0 @a孟轲@f(前372~前289)
600  0 @a孟轲@f(前372~前289)@x管理学@x思想评论
606 0  @a管理学
690    @aB222.55@v4
701  0 @a秦榆@9qin yu@4编著
801  0 @aCN@bNLC@c20070807
905    @a10447@dB222.55@e350
    
    孟子学院:孟子的仁政思想/秦榆编著.-北京:中国长安出版社,2006
    277页;24cm.-(现代国学大讲堂)
    
    
    ISBN 7-80175-518-9:CNY28.00
    本书以《孟子》为基础去观察孟子的管理思想。具体包括领导者的自我修炼,从孟子的民本思想看现代企业人本管理,孟子的用人之道,孟子的机遇观等。
●
相关链接 在E读中查询图书 在五车中查询图书 在当当中查询图书 在豆瓣中查询图书


正题名:孟子学院     索取号:B222.55/350         预约/预借

序号 登录号 条形码 馆藏地/架位号 状态 备注
1 0809523   208095238   第一样本阅览室/ [索取号:B222.55/350] 在馆    
2 0809524   208095247   密集书库/ [索取号:B222.55/350] 在馆    
3 0809525   208095256   教育系资料室/ [索取号:B222.55/350] 在馆    
4 0809526   208095265   第一借阅区/ [索取号:B222.55/350] 在馆    
5 0809527   208095274   第一借阅区/ [索取号:B222.55/350] 在馆    
6 0809528   208095283   密集书库/ [索取号:B222.55/350] 在馆    
7 0809529   208095292   第一借阅区/ [索取号:B222.55/350] 在馆    
8 0809530   208095309   教育系资料室/ [索取号:B222.55/350] 在馆    
9 0809531   208095318   密集书库/ [索取号:B222.55/350] 在馆    
10 0809532   208095327   第一借阅区/ [索取号:B222.55/350] 在馆    
唐山师范学院图书馆 欢迎您!
大连网信软件有限公司© 版权所有